000 00949nam1a2200253 i 4500
001 RU\NLR\BIBL_A\012033889
005 20241104225536.0
035 _a(NLR Aleph) 012033889
090 _a11566159
_c11566159
100 _a20190611g2018 u y0rusy50 ca
101 0 _arus
102 _aRU
105 _a| z |||||
200 1 _aСтраницы истории рода Солодовых
_f[составители: Солодов П. П. и др.]
210 _aТула
_cИзд-во ТулГУ
_d2018
215 _d21
602 _aСолодовы (род)
_92422256
_3RU\NLR\AUTH\6601660999
686 1 _aТ214(2)
702 1 _aСолодов
_bП. П.
_gПетр Петрович
_4220
722 _aСолодовы (род)
_4570
852 _aNLR
_j2019-4/5083
942 _cBOOK